000 00336 a2200109 4500
001 ART_50752
005 20260410161945.0
008 260409a
245 1 0 _aLa obligatoriedad de la doble instancia en materia laboral
100 1 _aDuarte, David
773 0 _tTemas de derecho laboral
_g- N° 3 (mar. 2020)
_wREV27619
999 _c29836
_d29836